000 00578nam a2200181 i 4500
001 50780
003 ES-MaACL
007 t|
008 030806s1985 sp ||||1| spa d
020 _a84-234-0603-2
100 1 _aChalvin, Dominique.
_937838
245 1 0 _aCómo resolver los pequeños conflictos en el trabajo /
_cDominique Chalvin, François Eussette ; traductor, Luis Corrons.
260 _aBilbao :
_bDeusto,
_c[1985]
300 _a178 p. ;
_c24 cm.
700 1 _aEussette, François.
_948339
700 1 _aCorrons, Luis.
_940792
852 _aES-MaACL
_jL-9615
_bR.111184
999 _c50780
_d50780